|
|
|
|
| LEADER |
01109cam a2200301 a 4500 |
| 001 |
c000277717 |
| 003 |
CARM |
| 005 |
20071205141215.0 |
| 008 |
710329s1970 enkab b 001 0 eng |
| 010 |
|
|
|a 78543724
|
| 015 |
|
|
|a B70-26995
|
| 019 |
1 |
|
|a 93339
|5 LACONCORD2021
|
| 020 |
|
|
|a 0198282494
|
| 035 |
|
|
|a (OCoLC)129812
|5 LACONCORD2021
|
| 040 |
|
|
|a LC
|b eng
|c LC
|d NUN
|
| 043 |
|
|
|a e-uk---
|
| 050 |
0 |
0 |
|a HE3018
|b .H35
|
| 082 |
0 |
4 |
|a 385/.1/0942
|
| 100 |
1 |
|
|a Hawke, G. R.
|q (Gary Richard),
|d 1942-
|
| 245 |
1 |
0 |
|a Railways and economic growth in England and Wales, 1840-1870 /
|c by G. R. Hawke.
|
| 260 |
|
|
|a Oxford, :
|b Clarendon,
|c 1970.
|
| 300 |
|
|
|a xiv, 421 p. :
|b illus., maps. ;
|c 23 cm.
|
| 504 |
|
|
|a Includes bibliographical references (p. [413]-417) and index.
|
| 650 |
|
0 |
|a Railroads
|z Great Britain
|x History.
|
| 651 |
|
0 |
|a Great Britain
|x Economic conditions.
|
| 852 |
8 |
|
|b CARM
|h A1:AL30B0
|i B10159
|p 0399916
|f BK
|
| 999 |
f |
f |
|i 3c4d468f-a0a7-5f69-a2cf-a07ca683e749
|s c1a2ee88-0a7f-5f43-aade-cc48d66a36fb
|
| 952 |
f |
f |
|p Can circulate
|a CAVAL
|b CAVAL
|c CAVAL
|d CARM 1 Store
|e B10159
|f A1:AL30B0
|h Other scheme
|i book
|m 0399916
|